Latvia Economic Review
Guardado en:
| Otros Autores: | |
|---|---|
| Formato: | Libro |
| Lenguaje: | inglés |
| Publicado: |
Washington
International Monetary Fund
1992
|
| Edición: | 1. ed. |
| Materias: | |
| Etiquetas: |
Sin Etiquetas, Sea el primero en etiquetar este registro!
|
MARC
| LEADER | 00000nam a2200000 4500 | ||
|---|---|---|---|
| 001 | c003086 | ||
| 005 | 20221206083306.1 | ||
| 020 | |a 1-55775-253-2 | ||
| 041 | 0 | |a eng | |
| 044 | |a US | ||
| 245 | 1 | 0 | |a Latvia |b Economic Review |c Edit. Rozlyn Coleman |
| 250 | |a 1. ed. | ||
| 264 | 1 | |a Washington |b International Monetary Fund |c 1992 | |
| 300 | |a 69 s. | ||
| 610 | 2 | 0 | |a Lotyšsko |
| 610 | 2 | 0 | |a vývoj hospodársky |
| 610 | 2 | 0 | |a reformy hospodárske |
| 610 | 2 | 0 | |a stabilizácia hospodárstva |
| 610 | 2 | 0 | |a financie verejné |
| 610 | 2 | 0 | |a bankovníctvo |
| 610 | 2 | 0 | |a regulácia cenová |
| 610 | 2 | 0 | |a obchod zahraničný |
| 610 | 2 | 0 | |a tabuľky štatistické |
| 610 | 2 | 0 | |a 1980-1991 |
| 700 | 1 | |a Coleman, Rozlyn | |